| 000 | 00538nam a2200241 a 4500 | ||
|---|---|---|---|
| 001 | nice12345678 | ||
| 003 | IN_TiNIC | ||
| 005 | 20260116011351.0 | ||
| 008 | 050524s1931 laha grp 000 0 urd | ||
| 020 |
_a _c100 |
||
| 082 | 0 | 0 |
_a244 _bDAY |
| 100 | _aDayal, Chand | ||
| 245 | _aDrama Yusuf | ||
| 260 |
_aLahore _bM. K. Khan _c1931 |
||
| 300 | _a40p | ||
| 500 | _aincludes index and biblioraphy | ||
| 505 | 2 | _aIndex | |
| 650 | _aChristian-Drama | ||
| 700 | 1 | _aDayal, Chand | |
| 902 | _bSRS | ||
| 942 | _cBK | ||
| 999 |
_c907 _d907 |
||